| 000 | 00849nam a2200265 i 4500 | ||
|---|---|---|---|
| 999 |
_c200445394 _d63606 |
||
| 003 | TR-AnTOB | ||
| 005 | 20230530001116.0 | ||
| 007 | ta | ||
| 008 | 040930n2003 tu a 000 0 tur d | ||
| 040 |
_aTR-AnTOB _beng _erda _cTR-AnTOB |
||
| 041 | 0 | _atur | |
| 050 | 1 | 4 |
_aZ695.74 _b.İ88 |
| 090 |
_aZ695.74 _b.İ88 |
||
| 245 | 0 | 0 | _aİstanbul Ticaret Odası eski eserler kataloğu. |
| 264 | 1 |
_a[place of publication not identified] : _bİstanbul Ticaret Odası, _c[date of publication not identified] |
|
| 300 |
_aii, 116 pages ; _c18 cm |
||
| 336 |
_2rdacontent _atext _btxt |
||
| 337 |
_2rdamedia _aunmediated _bn |
||
| 338 |
_2rdacarrier _avolume _bnc |
||
| 650 | 7 |
_aKataloglama, Nadir erserler _zTürkiye _2etuturkob _9140737 |
|
| 710 | 2 |
_aİstanbul Ticaret Odası _919571 |
|
| 942 |
_2lcc _cBK |
||